<?xml version="1.0" encoding="UTF-8"?>
<marc:record xmlns:marc="http://www.loc.gov/MARC21/slim">
   <marc:leader>00000nam a2200000 a 4500</marc:leader>
   <marc:datafield ind1="1" ind2=" " tag="100">
      <marc:subfield code="a">Greier, Eva BEd</marc:subfield>
      <marc:subfield code="4">aut</marc:subfield>
      <marc:subfield code="e">Verfasser/-in</marc:subfield>
   </marc:datafield>
   <marc:datafield ind1="1" ind2=" " tag="100">
      <marc:subfield code="a">Mayr, Theresa BEd</marc:subfield>
      <marc:subfield code="4">aut</marc:subfield>
      <marc:subfield code="e">Verfasser/-in</marc:subfield>
   </marc:datafield>
   <marc:datafield ind1=" " ind2=" " tag="653">
      <marc:subfield code="a">Primarstufe</marc:subfield>
   </marc:datafield>
   <marc:datafield ind1=" " ind2=" " tag="653">
      <marc:subfield code="a">Rechtschreibschwäche</marc:subfield>
   </marc:datafield>
   <marc:datafield ind1=" " ind2=" " tag="653">
      <marc:subfield code="a">Empirische Untersuchung</marc:subfield>
   </marc:datafield>
   <marc:datafield ind1=" " ind2=" " tag="653">
      <marc:subfield code="a">Rechtschreibschwierigkeiten</marc:subfield>
   </marc:datafield>
   <marc:datafield ind1=" " ind2=" " tag="653">
      <marc:subfield code="a">Schulische Rahmenbedingungen</marc:subfield>
   </marc:datafield>
   <marc:datafield ind1=" " ind2=" " tag="653">
      <marc:subfield code="a">Rechtschreibfähigkeit</marc:subfield>
   </marc:datafield>
   <marc:datafield ind1=" " ind2=" " tag="653">
      <marc:subfield code="a">TEILBEREICH LESEN</marc:subfield>
   </marc:datafield>
   <marc:datafield ind1=" " ind2=" " tag="653">
      <marc:subfield code="a">Verbesserung der Lese</marc:subfield>
   </marc:datafield>
   <marc:datafield ind1=" " ind2=" " tag="653">
      <marc:subfield code="a">MANGELHAFTE VORLÄUFERFERTIGKEITEN</marc:subfield>
   </marc:datafield>
   <marc:datafield ind1="0" ind2="0" tag="245">
      <marc:subfield code="a">Ganzheitlich-individuelle Förderung zur Verbesserung der Lese- und Rechtschreibfähigkeit in der Primarstufe</marc:subfield>
   </marc:datafield>
   <marc:datafield ind1="0" ind2="0" tag="245">
      <marc:subfield code="b">Eine empirische Untersuchung zur Lese- und Rechtschreibschwäche im inklusiven Setting</marc:subfield>
   </marc:datafield>
   <marc:datafield ind1="0" ind2="0" tag="245">
      <marc:subfield code="c">Eva BEd Greier ; Theresa BEd Mayr. BEd Mag. Dr. Simone Anna Stefan</marc:subfield>
   </marc:datafield>
   <marc:datafield ind1=" " ind2="1" tag="264">
      <marc:subfield code="a">Stams</marc:subfield>
      <marc:subfield code="c">2023</marc:subfield>
   </marc:datafield>
   <marc:datafield ind1="1" ind2=" " tag="490">
      <marc:subfield code="a">Masterarbeit 2023</marc:subfield>
   </marc:datafield>
   <marc:datafield ind1="1" ind2=" " tag="520">
      <marc:subfield code="a">Abstract&lt;br/&gt;Schriftsprachliche Fähigkeiten gelten als essenzielle Bestandteile zur Bewältigung&lt;br/&gt;lebenswichtiger und alltäglicher Aufgaben. Kann das Lesen und Schreiben jedoch nur&lt;br/&gt;eingeschränkt erworben werden, wird in diesem Zusammenhang in vielen Fällen von&lt;br/&gt;Lese- und Rechtschreibschwierigkeiten gesprochen. Auswirkungen davon zeigen sich in&lt;br/&gt;der schulischen sowie beruflichen Laufbahn eines Menschen und können auch in Form&lt;br/&gt;psychosomatischer Beschwerden auftreten. Im Rahmen dieser Masterthesis wird&lt;br/&gt;ausgehend von einem Kind mit Lese- und Rechtschreibschwierigkeiten ein Training&lt;br/&gt;konzipiert, das darauf abzielt, die Fähigkeiten von Kindern der dritten Schulstufe im&lt;br/&gt;Lesen und Schreiben zu verbessern. Um die Ergebnisse dieses ganzheitlich-individuellen&lt;br/&gt;Trainings aus unterschiedlichen Perspektiven zu beleuchten und ebenso Chancen und&lt;br/&gt;Herausforderungen in Bezug auf die Arbeit mit Kindern mit Lese- und&lt;br/&gt;Rechtschreibschwierigkeiten erlangen zu können, wird in der vorliegenden Masterthesis&lt;br/&gt;neben quantitativ erhobenen Daten auch mit strukturierten Interviews gearbeitet. Dabei&lt;br/&gt;werden beteiligte Akteurinnen des direkten Umfeldes des betroffenen Kindes befragt, um&lt;br/&gt;exkludierende sowie inkludierende Momente während des gesamten Förderprozesses&lt;br/&gt;festhalten zu können. Die herausgearbeitete quantitative Langzeitstudie konnte positive&lt;br/&gt;Effekte bezüglich der Lese- und Rechtschreibfähigkeit des betroffenen Kindes sowie zu&lt;br/&gt;Teilen auch der gesamten Interventionsgruppe aufzeigen.</marc:subfield>
   </marc:datafield>
   <marc:datafield ind1=" " ind2=" " tag="041">
      <marc:subfield code="a">ger</marc:subfield>
   </marc:datafield>
   <marc:datafield ind1=" " ind2=" " tag="542">
      <marc:subfield code="d">Mag. Dr. Simone Anna Stefan, BEd</marc:subfield>
   </marc:datafield>
   <marc:datafield ind1="1" ind2=" " tag="521">
      <marc:subfield code="a">0</marc:subfield>
   </marc:datafield>
</marc:record>
